Statistics for Longest Highways In USA

Click here to take the quiz!

General Stats

  • This quiz has been taken 9 times
  • The average score is 2 of 10

Answer Stats

LengthAnswer% Correct
4992km/3102 milesI-90
78%
4665km/2,899 milesI-80
67%
4111km/2,555 milesI-40
33%
5161km/3207 milesRoute 6
22%
3996km/2,483 milesRoute 12
0%
4152km/2,580 milesRoute 2
0%
5209km/3237 milesRoute 20
0%
4945km/3073 milesRoute 30
0%
4845km/3,011 milesRoute 50
0%
4296km/2,670 miles)Route 60
0%

Score Distribution

Percentile by Number Answered

Percent of People with Each Score

Your Score History

You have not taken this quiz